000
00309nam a22001217a 4500
003
OSt
008
150208b xxu||||| |||| 00| 0 eng d
100
1
_a
Petersham, Maud and Miska
041
_a
eng
245
1
0
_a
America's Stamps
246
1
0
_a
The Story of One Hundred Years of U.S. Postage Stamps
300
_a
0 pages
999
_c
639
_d
639